Vrtochy 3 capriccia pre klavír

Bibliographic Details
Main Author: Zeljenka, Ilja, 1932-2007 (Composer)
Format: Musical Score Book
Language:Slovak
PhysicalDescription:1 partitúra (40 s.) 30 cm
Published: Bratislava Hudobný fond 2005
ISBN:8080514070
Edition:1. vyd.
Subjects:

MARC

LEADER 00000ncm a2200000 a 4500
001 vtls008307031
003 SK-MaSNL
005 20260331204012.0
007 qu
008 171129s2005 xo zzzeg s z slo
015 |a SNBH2006/01-00200 
020 |a 8080514070  |q (brož.) 
028 0 1 |a HF 1840  |b Hudobný fond 
040 |a SNK  |b slo  |c SNK  |e AACR2 
044 |a xo  |c SK 
048 |a ka01 
072 7 |a 786  |x Hudba pre klávesové nástroje  |2 konspekt 
080 |a 78.083  |2 MDT-MRF 
080 |a 78.089.6  |2 MDT-MRF 
080 |a 786.2.083.3  |2 MDT-MRF 
084 |a 1.1.4  |2 snlmc 
100 1 |a Zeljenka, Ilja,  |d 1932-2007  |4 cmp  |9 18972 
245 1 0 |a Vrtochy  |h hudobnina  |b 3 capriccia pre klavír  |c Ilja Zeljenka 
250 |a 1. vyd. 
254 |a Partitúra, reprodukcia rukopisu autora 
260 |a Bratislava  |b Hudobný fond  |c 2005 
300 |a 1 partitúra (40 s.)  |c 30 cm 
650 0 7 |a capriccia (klavír)  |2 SNKPH  |9 81591 
650 0 7 |a drobné skladby  |2 SNKPH  |9 85868 
655 7 |a partitúry pre sólový nástroj  |2 SNKPH  |9 70508 
655 7 |a faksimile  |2 SNKPH  |9 70487 
919 |a 80-8051-407-0 
999 |c 847549  |d 849479 
952 |a SNK  |b SNK  |y PREZ  |7 0  |p 17A0489015  |o snkHSB 3965  |i snk2005/18415  |8 0  |0 0  |1 0  |4 0  |d 2005-11-03  |l 0  |r 2026-02-24 04:31:42  |w 2026-02-24 
952 |a SNK  |b SNK  |y VYP  |7 0  |p 17A0489016  |o snkHSB 3965 D1  |i snk2005/18417  |8 0  |0 0  |1 0  |4 0  |d 2005-11-03  |l 0  |r 2026-02-24 04:31:42  |w 2026-02-24